Sports Quiz

Random Sports or NBA Quiz

Oldest Current NBA Players Quiz Stats

 Plays Quiz not verified by Sporcle

Score 0/10 Timer 08:00
0 Plays Today
Team Player % Correct
CelticsShaquille Oneal
96.2%
SunsSteve Nash
77.3%
LakersDerek Fisher
73.1%
SunsGrant Hill
70.8%
MavericksJason Kidd
70.1%
HeatJuwan Howard
57.6%
BlazersMarcus Camby
43.2%
BullsKurt Thomas
40.2%
SpursAntonio McDyess
38.6%
LakersTheo Ratliff
31.1%

You're not logged in!

Compare scores with friends on all Sporcle quizzes.
OR
Log In

Show Comments

Extras

Top Quizzes Today


Score Distribution

Your Account Isn't Verified!

In order to create a playlist on Sporcle, you need to verify the email address you used during registration. Go to your Sporcle Settings to finish the process.

Report this User

Report this user for behavior that violates our Community Guidelines.

Details: